| 000 | 00766nam a22002537a 4500 | ||
|---|---|---|---|
| 005 | 20170123162303.0 | ||
| 010 | _aB-080393 | ||
| 020 | _c100.00 | ||
| 035 | _aB-080393 | ||
| 037 | _bCen Lib/Ret | ||
| 040 |
_aDPL _bUR |
||
| 082 |
_aک _bا ب ن |
||
| 100 |
_aابن صفی _9656 |
||
| 245 |
_aطوفان کی آواز / _cابن صفی |
||
| 246 |
_aToofan ki awaz / _bby Abne Safi |
||
| 260 |
_aدہلی _bکتاب والا _c1997 |
||
| 270 |
_bدہلی _a٢٧٩٤، گلی جھوٹ والی پہاڑی بھوجلہ _e110006 |
||
| 300 |
_a164p. _c19cm(Hb) |
||
| 650 |
_aاردو ادب _9137811 |
||
| 650 |
_aاردو نوول _9137812 |
||
| 650 |
_aUrdu litarature _9137813 |
||
| 650 |
_aUrdu novel _9137814 |
||
| 942 |
_2ddc _cUR _hک _mا ب ن |
||
| 999 |
_c106145 _d106145 |
||